000
00299nam a2200109Ia 4500
008
200302s9999 xx 000 0 und d
100
_a
Gina Lazenby & Other
245
_a
A New Approach to Interior Design the Feng shui House Book
260
_b
Conran Octopus Ltd.
260
_c
1999
300
_a
160 P.,
999
_c
1760
_d
1760